Largest Countries with 1 Timezone - Statistics

General Stats
  • This quiz has been taken 118 times
  • The average score is 11 of 15
Answer Stats
Answer % Correct
9,572,900 km2 China
99%
3,287,263 km2 India
85%
2,381,741 km2 Algeria
83%
2,780,400 km2 Argentina
80%
1,648,195 km2 Iran
76%
1,759,540 km2 Libya
76%
2,149,690 km2 Saudi Arabia
74%
1,267,000 km2 Niger
72%
1,886,068 km2 Sudan
72%
1,284,000 km2 Chad
70%
1,564,110 km2 Peru
65%
1,141,748 km2 Colombia
64%
1,104,300 km2 Ethiopia
64%
1,240,192 km2 Mali
58%
1,246,700 km2 Angola
55%
No matching quizzes found
Score Distribution
Percent of People with Each Score
Percentile by Number Answered
Your Score History
You have not taken this quiz